| 000 | 00861nam a2200265 a 4500 | ||
|---|---|---|---|
| 001 | 65249 | ||
| 003 | BD-RjUL | ||
| 005 | 20211209081412.0 | ||
| 008 | 170302s19751973enk b 001 0 eng d | ||
| 020 | _a0903729016 (pbk) | ||
| 020 | _a0391003917 (paperback ed.) | ||
| 035 | _a(BD-RjUL)65379 | ||
| 040 |
_aBD-RjUL _beng _dBD-RjUL _cBD-RjUL |
||
| 041 | _aeng | ||
| 082 |
_223 _a306.0917241 _bANT 1975 |
||
| 245 | 0 | 1 |
_aAnthropology & the colonial encounter / _cedited by Talal Asad. |
| 260 |
_aLondon : _bIthaca Press ; _aN. J. : _bHumanities Press , _cc1973 [Reprint 1975]. |
||
| 300 |
_a281, [7] p. ; _c23 cm. |
||
| 504 | _ancludes bibliographies and index. | ||
| 650 | 0 |
_aEthnology _xHistory _9193165 |
|
| 650 | 0 |
_aApplied anthropology. _9193204 |
|
| 651 | 0 |
_aGreat Britain _xColonies _9193166 |
|
| 700 |
_aAsad, Talal, edit. _9193205 |
||
| 942 |
_2ddc _cBK |
||
| 999 |
_c65249 _d65249 |
||